[Event "Minsk Kupreichik Memorial op"]
[Site "Minsk"]
[Date "2024.05.20"]
[Round "5"]
[White "Saprykava, Hanna"]
[Black "Borovikova, Marija"]
[Result "0-1"]
[WhiteElo "1510"]
[BlackElo "1816"]
[PlyCount "58"]
[EventDate "2024.05.17"]
[EventType "swiss"]
[EventRounds "7"]
[EventCountry "BLR"]
[SourceTitle "CBM 220 Extra"]
[Source "ChessBase"]
[SourceDate "2024.07.31"]
[SourceVersion "1"]
[SourceVersionDate "2024.07.31"]
[SourceQuality "1"]

1. d4 Nf6 2. Nf3 g6 3. c4 Bg7 4. Nc3 0-0 5. e4 d6 6. Be3 e5 7. d5 a5 8. Qd2 Nh5 9. Bh6 f5 10. Bxg7 Kxg7 11. Be2 Nf4 12. g3 fxe4 13. gxf4 exf3 14. Bxf3 Rxf4 15. Be2 Qh4 16. 0-0-0 Rxf2 17. Rdf1 Bh3 18. Rxf2 Qxf2 19. Kb1 Na6 20. Ka1 Rf8 21. Qd3 Bf5 22. Qd1 Nb4 23. a3 Nc2+ 24. Ka2 Nd4 25. Bd3 Bxd3 26. Qxd3 Rf3 27. Qe4 Rxc3 28. Qg4 Nf5 29. h4 Rc2 0-1

[Event "BLR-ch U18 Girls"]
[Site "Rogachev"]
[Date "2024.02.08"]
[Round "6"]
[White "Kotava, Iryna"]
[Black "Saprykava, Hanna"]
[Result "0-1"]
[WhiteElo "1156"]
[BlackElo "1214"]
[PlyCount "68"]
[EventDate "2024.02.03"]
[EventType "swiss"]
[EventRounds "9"]
[EventCountry "BLR"]
[SourceTitle "EXT 2025"]
[Source "ChessBase"]
[SourceDate "2024.10.14"]
[SourceVersion "1"]
[SourceVersionDate "2024.10.14"]
[SourceQuality "1"]

1. c4 e5 2. g3 g6 3. Bg2 Bg7 4. Nc3 d6 5. e3 Nc6 6. Nge2 Be6 7. d3 Nf6 8. Rb1 Qd7 9. Nd5 0-0 10. 0-0 Bh3 11. Nec3 Bxg2 12. Kxg2 Nxd5 13. Nxd5 Ne7 14. Nxe7+ Qxe7 15. b4 f5 16. c5 g5 17. f4 exf4 18. exf4 g4 19. Re1 Qf7 20. h3 Qxa2+ 21. Bd2 Qd5+ 22. Kh2 gxh3 23. Qe2 Rae8 24. Qf1 Qa2 25. Red1 Re6 26. Rbc1 Rfe8 27. Qf3 Re2+ 28. Kxh3 Rxd2 29. Rxd2 Qxd2 30. Qd5+ Kh8 31. Rh1 Qe2 32. Qxb7 Bd4 33. Qc6 Qg4+ 34. Kg2 Re2+ 0-1

[Event "BLR-ch U18 Girls"]
[Site "Rogachev"]
[Date "2024.02.05"]
[Round "3"]
[White "Saprykava, Hanna"]
[Black "Borovikova, Marija"]
[Result "0-1"]
[WhiteElo "1214"]
[BlackElo "1577"]
[PlyCount "84"]
[EventDate "2024.02.03"]
[EventType "swiss"]
[EventRounds "9"]
[EventCountry "BLR"]
[SourceTitle "EXT 2025"]
[Source "ChessBase"]
[SourceDate "2024.10.14"]
[SourceVersion "1"]
[SourceVersionDate "2024.10.14"]
[SourceQuality "1"]

1. d4 Nf6 2. Nf3 g6 3. c4 Bg7 4. Nc3 d6 5. e4 0-0 6. Be3 e5 7. d5 Ng4 8. Bd2 f5 9. Bd3 a5 10. 0-0 Na6 11. h3 Nf6 12. exf5 gxf5 13. Bc2 Nb4 14. Bb3 Nd3 15. Bg5 e4 16. Nd4 Qe8 17. Bxf6 Bxf6 18. Ne6 Bxe6 19. dxe6 c6 20. f3 Bd4+ 21. Kh2 Qxe6 22. Qd2 Be5+ 23. Kh1 Bxc3 24. Qxc3 Qe5 25. Qd2 Qxb2 26. Qg5+ Qg7 27. Qe3 a4 28. Bc2 Nb4 29. Qd2 Nxc2 30. Qxc2 d5 31. Rad1 Rad8 32. Qxa4 e3 33. Rfe1 d4 34. Qb3 f4 35. Qd3 Qg6 36. Qb3 d3 37. Qxb7 d2 38. Re2 Qd3 39. Qxc6 Qxe2 40. Qe6+ Rf7 41. Qg4+ Rg7 42. Qe6+ Kh8 0-1

[Event "Wch FIDE Online U10 Girls Europe qual"]
[Site "Tornelo INT"]
[Date "2020.12.09"]
[Round "7"]
[White "Briem, Gudrun Fanney"]
[Black "Saprykava, Hanna"]
[Result "1-0"]
[WhiteElo "1172"]
[BlackElo "1151"]
[PlyCount "35"]
[EventDate "2020.12.07"]
[EventType "swiss (rapid)"]
[EventRounds "7"]
[EventCountry "ISS"]
[SourceTitle "EXT 2022"]
[Source "ChessBase"]
[SourceDate "2021.10.06"]
[SourceVersion "1"]
[SourceVersionDate "2021.10.06"]
[SourceQuality "1"]

1. d4 d5 2. c4 c6 3. Nc3 Bf5 4. Qb3 Qd7 5. cxd5 cxd5 6. Qxd5 Qc8 7. Bf4 e6 8. Qb5+ Nc6 9. d5 exd5 10. Nxd5 a6 11. Qb3 Nd4 12. Qe3+ Ne6 13. Nc7+ Kd8 14. Rd1+ Ke7 15. Bd6+ Kf6 16. Be5+ Ke7 17. Qa3+ Nc5 18. Qxc5# 1-0

[Event "Wch FIDE Online U10 Girls Europe qual"]
[Site "Tornelo INT"]
[Date "2020.12.08"]
[Round "3"]
[White "Saprykava, Hanna"]
[Black "Huang, Luna"]
[Result "1-0"]
[WhiteElo "1151"]
[BlackElo "1281"]
[PlyCount "119"]
[EventDate "2020.12.07"]
[EventType "swiss (rapid)"]
[EventRounds "7"]
[EventCountry "ISS"]
[SourceTitle "EXT 2022"]
[Source "ChessBase"]
[SourceDate "2021.10.06"]
[SourceVersion "1"]
[SourceVersionDate "2021.10.06"]
[SourceQuality "1"]

1. d4 d5 2. Nf3 e6 3. e3 Nf6 4. Bd3 c5 5. b3 Nc6 6. Bb2 b6 7. Nbd2 Bb7 8. 0-0 Be7 9. Ne5 Nxe5 10. dxe5 Nd7 11. Qg4 g6 12. f4 h5 13. Qg3 Bh4 14. Qf3 Be7 15. Qe2 h4 16. h3 Qc7 17. Qg4 Qc6 18. e4 dxe4 19. Bxe4 Qc7 20. Bxb7 Qxb7 21. Nf3 0-0-0 22. c3 Kb8 23. b4 cxb4 24. cxb4 Bxb4 25. a3 Bc5+ 26. Bd4 Bxd4+ 27. Nxd4 Qc7 28. Rac1 Qb7 29. Nc6+ Ka8 30. Nxd8 Rxd8 31. Qe2 Nc5 32. Rfd1 Rxd1+ 33. Rxd1 Qc7 34. Qf3+ Kb8 35. Qc3 Qe7 36. Qd4 Qc7 37. Qd8+ Qxd8 38. Rxd8+ Kc7 39. Rf8 Nd3 40. Rxf7+ Kc6 41. Rf6 Kd5 42. Kf1 Ke4 43. Rxe6 Nxf4 44. Re7 Nd3 45. Rxa7 Kxe5 46. Re7+ Kd6 47. Rg7 Ne5 48. Kf2 Kc5 49. Rc7+ Kd6 50. Rh7 g5 51. Ke3 Nc4+ 52. Kd4 Nxa3 53. Kc3 Nb5+ 54. Kb4 Nd4 55. Kc4 Nf5 56. Rf7 Ne3+ 57. Kd3 Nxg2 58. Kd2 Nf4 59. Rf6+ Kc5 60. Rf5+ 1-0